[Event "ROM-ch U10"]
[Site "Calimanesti Caciulata"]
[Date "2019.04.22"]
[Round "9"]
[White "Harabor, David Alexandru"]
[Black "Tamas, Christian Arrydan"]
[Result "1-0"]
[WhiteElo "1143"]
[BlackElo "1019"]
[PlyCount "53"]
[EventDate "2019.04.15"]
[EventType "swiss"]
[EventRounds "9"]
[EventCountry "ROU"]
[SourceTitle "CBM 190 Extra"]
[Source "ChessBase"]
[SourceDate "2019.07.15"]
[SourceVersion "1"]
[SourceVersionDate "2019.07.15"]
[SourceQuality "1"]

1. e4 c5 2. Nf3 e6 3. c3 Nc6 4. d4 cxd4 5. cxd4 Bb4+ 6. Bd2 Bxd2+ 7. Qxd2 Nf6 8. Nc3 d5 9. exd5 exd5 10. Bd3 Qe7+ 11. Qe3 Qe6 12. a3 a5 13. Nb5 Kd8 14. Ng5 Qe7 15. 0-0 Be6 16. Rfe1 Kd7 17. h3 h6 18. Nf3 Rhe8 19. Ne5+ Kd8 20. Rac1 Rc8 21. Rc2 Nd7 22. Rec1 Ndxe5 23. dxe5 Rb8 24. Qb6+ Kc8 25. Rxc6+ bxc6 26. Rxc6+ Kd7 27. Qc7# 1-0

[Event "ROM-ch U10"]
[Site "Calimanesti Caciulata"]
[Date "2019.04.21"]
[Round "8"]
[White "Sababei, Marius Ionut"]
[Black "Harabor, David Alexandru"]
[Result "1-0"]
[WhiteElo "1241"]
[BlackElo "1143"]
[PlyCount "137"]
[EventDate "2019.04.15"]
[EventType "swiss"]
[EventRounds "9"]
[EventCountry "ROU"]
[SourceTitle "CBM 190 Extra"]
[Source "ChessBase"]
[SourceDate "2019.07.15"]
[SourceVersion "1"]
[SourceVersionDate "2019.07.15"]
[SourceQuality "1"]

1. d4 d5 2. c4 e6 3. Nc3 Nf6 4. Bg5 Nbd7 5. cxd5 exd5 6. Nxd5 c6 7. Nc3 Be7 8. e3 Qa5 9. Nf3 0-0 10. Bd3 b6 11. 0-0 Bb7 12. Qc2 h6 13. Bh4 c5 14. Ne4 cxd4 15. Nxd4 Rac8 16. Qb1 Rfe8 17. Bxf6 Nxf6 18. Nxf6+ Bxf6 19. Nf5 Rcd8 20. Ng3 Qd5 21. Bh7+ Kh8 22. e4 Qd4 23. Bf5 Qxb2 24. Qxb2 Bxb2 25. Rad1 g6 26. Rxd8 Rxd8 27. Bg4 h5 28. Bf3 Ba6 29. Rd1 Rxd1+ 30. Bxd1 Bc4 31. Bb3 Bxb3 32. axb3 a5 33. Kf1 b5 34. Ke1 a4 35. bxa4 bxa4 36. Kd2 Bf6 37. Kc2 Kg8 38. Kb1 a3 39. Ka2 Bb2 40. e5 Bxe5 41. Kxa3 Bxg3 42. hxg3 Kg7 43. Kb3 Kf6 44. Kc3 Ke5 45. Kd3 g5 46. Ke3 f5 47. f4+ Kf6 48. Kd4 h4 49. gxh4 gxf4 50. Kd5 Kg6 51. Ke5 Kh5 52. Kxf5 Kxh4 53. Kxf4 Kh5 54. Kf5 Kh6 55. g4 Kg7 56. Kg5 Kf7 57. Kh6 Kg8 58. Kg6 Kh8 59. g5 Kg8 60. Kf6 Kf8 61. g6 Kg8 62. g7 Kh7 63. Kf7 Kh6 64. g8Q Kh5 65. Kf6 Kh4 66. Kf5 Kh3 67. Kf4 Kh2 68. Kf3 Kh1 69. Qg2# 1-0